Mortal Kombat: Armageddon - Characters - Statistics

General Stats
  • This quiz has been taken 217 times
  • The average score is 49 of 63
Answer Stats
Character % Correct
Sub-Zero
97%
Scorpion
94%
Hsu Hao
93%
Kitana
93%
Mileena
92%
Raiden
91%
Rain
91%
Smoke
90%
Reptile
89%
Sonya Blade
89%
Jade
88%
Liu Kang
88%
Noob Saibot
88%
Goro
87%
Johnny Cage
87%
Shang Tsung
86%
Sindel
86%
Jax
85%
Kung Lao
84%
Baraka
83%
Kabal
83%
Kano
83%
Kintaro
83%
Onaga
83%
Cyrax
82%
Blaze
81%
Chameleon
80%
Sektor
80%
Sheeva
80%
Meat
78%
Quan Chi
78%
Stryker
78%
Ermac
76%
Ashrah
75%
Motaro
75%
Bo' Rai Cho
74%
Moloch
74%
Taven
74%
Frost
73%
Khameleon
73%
Tanya
73%
Daegon
72%
Kobra
72%
Li Mei
72%
Mokap
72%
Darrius
71%
Shinnok
71%
Kenshi
69%
Fujin
68%
Kira
67%
Kai
66%
Nitara
66%
Shujinko
66%
Nightwolf
65%
Drahmin
64%
Mavado
64%
Sareena
64%
Havik
63%
Jarek
61%
Dairou
59%
Reiko
58%
Hotaru
57%
Shao Kahn
51%
No matching quizzes found
Score Distribution
Percent of People with Each Score
Percentile by Number Answered
Your Score History
You have not taken this quiz